| 000 | 01432namaa22003251i 4500 | ||
|---|---|---|---|
| 005 | 20260119113025.0 | ||
| 008 | 251207s1995 ua a|||fr|m|| 000 0 eng d | ||
| 040 |
_aEG-GICUC _beng _cEG-GICUC _dEG-GICUC _erda |
||
| 041 | 0 |
_aeng _beng _bara |
|
| 049 | _aDeposit | ||
| 097 | _aPh.D | ||
| 099 | _aCai01.11.28.Ph.D.1995.Sh.R. | ||
| 100 | 0 |
_aSherif Fathy Radwan, _epreparation. |
|
| 245 | 1 | 0 |
_aRotavirus A Serotyping In Egyptian Neonates And Infants / _cBy Sherif Fathy Radwan; Supervisors Prof. Dr. Mamdouh K. Gabr, Prof.Dr. Safinaz EL-Maraghi, Prof.Dr. Ahmed F. EL-Saifi. |
| 246 | 1 | 5 | _aالأنماط المصلية للفيروس العجلي أ في الأطفال المصريين حديثي الولادة وتحت الولادة وتحت سن العام |
| 264 | 0 | _c1995. | |
| 300 |
_a135 Leaves : _billustrations ; _c30 cm. + |
||
| 336 |
_2rda content _atext |
||
| 337 |
_2rdamedia _aUnmediated |
||
| 338 |
_2rdacarrier _avolume |
||
| 502 | _aThesis (Ph.D)-Cairo University, 1995. | ||
| 504 | _aBibliography: pages102-135. | ||
| 653 | 0 | _aPediatrics | |
| 700 | 0 |
_aMamdouh K. Gabr _ethesis advisor. |
|
| 700 | 0 |
_aSafinaz EL-Maraghi _ethesis advisor. |
|
| 700 | 0 |
_aAhmed F. EL-Saifi _ethesis advisor. |
|
| 900 |
_DDepartment of Pediatrics _FFaculty of Medicine _UCairo University _b1995 _cMamdouh K. Gabr _cSafinaz EL-Maraghi _cAhmed F. EL-Saifi |
||
| 905 |
_aEman El gebaly _eNourhan |
||
| 942 |
_2ddc _cTH _e21 _n0 |
||
| 999 | _c176536 | ||